00431nam a2200181Ia 4500008004100000020001800041245003300059245001400092260001500106260001600121260000900137300001400146300002500160300001000185440002700195500000800222999001900230170705s9999 xx 000 0 und d a9780545852883 aDon't play with your food! / cBob Shea. aNew York : bScholastic, c2014 aunpaged : bcolor illustration ; c25cm. aBuddy and the bunnies. a400 c335735d335735